000 00232nam a22000977a 4500
082 _aELE
100 _aElectric Power Research
245 _aTransmissions line reference book
260 _bElectric Power Research
_c1980
942 _cBK
999 _c14284
_d14284